000 00898cam a22002533a 4500
001 31536
003 PGUSA
005 20140828083701.0
008 100307s2010||||xxu|||||s|||||000 p eng d
040 _aPGUSA
_beng
042 _adc
050 4 _aPG
100 1 _aMickiewicz, Adam,
_d1798-1855
245 1 0 _aPan Tadeusz :
_bCzyli Ostatni Zajazd na Litwie. Historja Szlachecka z r. 1811 i 1812 we Dwunastu Księgach Wierszem
_h[electronic resource] /
_cAdam Mickiewicz
260 _bProject Gutenberg,
_c2010
506 _aPublic domain in the USA.
516 _aElectronic text
653 _aGentry -- Poland -- Social life and customs -- 19th century -- Poetry
653 _aEpic poetry, Polish
653 _aGentry -- Lithuania -- Social life and customs -- 19th century -- Poetry
830 0 _aProject Gutenberg
_v31536
856 4 0 _uhttp://www.gutenberg.org/ebooks/31536
942 _cEB
999 _c260791
_d260791